Open Data Biblioteca Nacional de Portugal


República Portuguesa: Ministério da Cultura
Biblioteca Nacional de Portugal

Catálogo da BNP: acesso por Identificadores Unívocos
Registos Bibliográficos associados ao registo de autoridade

Etiqueta de registo: 00542cam 02200193 04500
001 13428
003 http://id.bnportugal.gov.pt/bib/catbnp/13428
005 20020529130300.0
095 ## $aPTBN00013764
100 ## $a19801101d1980 m y0pora0103 ba
101 0# $apor
102 ## $aPT
200 1# $aFlorinha da Abrigada$fpref. Manuel Mendes
210 #9 $a[S.l.$cs.n.],$dimp. 1980$eBraga :$gTip. Editorial Franciscana)
215 ## $a35, [1] p.$cil.$d13 cm
675 ## $a23$vmed$zpor$3288011
702 #1 $aMendes,$bManuel,$f1914-1992$4080$3278091
801 #0 $aPT$bBN$gRPC
966 ## $lBN$mFGMON$sR. 37128 P.
997 ## $aBIBEOD
998 ## $aFSE27 - 00046

Etiqueta de registo: 00506nam 22001811i 450
001 1266634
003 http://id.bnportugal.gov.pt/bib/catbnp/1266634
100 ## $a20020801d1970 m y0pory010305 ba
101 0# $apor
102 ## $aPT
200 1# $a A linda senhora da cova da iria$fManuel Mendes
210 #9 $aVila Real$cMinerva Trasmontana$d[D.L. 1970]
215 ## $a96 p.$cil.$d15 cm
300 ## $aTiragem 5000 ex.
305 ## $aSep. do "Avé Maria"
700 #1 $aMendes,$bManuel,$f1914-1992$3278091
801 #0 $aPT$bBN
801 #1 $aFR$bJOUVE
966 ## $lBN$mFGMON$sR. 35451 P.$x0
997 ## $aBIBEOD

Etiqueta de registo: 00467cam 22001811 450
001 747753
003 http://id.bnportugal.gov.pt/bib/catbnp/747753
005 20020529130000.0
095 ## $aPTBN00535036
100 ## $a19940112d1947 km y0pory0103 ba
101 0# $apor
102 ## $aPT
200 1# $aFlorinha da Abrigada...$fPe. Manuel Mendes
210 #9 $aCoimbra$cCoimbra Editora,$d1947
215 ## $a34 p.$d12 cm
700 #1 $aMendes,$bManuel,$f1914-1992$3278091
801 #0 $aPT$bBN$gRPC
966 ## $lBN$mFGMON$sR. 31058//7 P.
997 ## $aBIBEOD
998 ## $aCR635-25

Etiqueta de registo: 00847cam 2200289 450
001 562598
003 http://id.bnportugal.gov.pt/bib/catbnp/562598
005 20020529130100.0
021 ## $aPT$b1239
095 ## $aPTBN00770613
100 ## $a19950922d1995 m y0pory01030103ba
101 0# $apor
102 ## $aPT
105 ## $aa z 000yb
106 ## $ar
200 1# $aEsboço de cronologia da vida do padre Américo$fManuel Mendes
205 ## $a1ª ed
210 #9 $aPaço de Sousa$cObra da Rua,$d1995
215 ## $a15 p.$cil.$d21 cm
600 #0 $aAmérico,$cPadre,$f1887-1956$j[Biografias]$2SIPOR$31046075
675 ## $a929Américo, Padre$vBN$zpor$31190689
675 ## $a272-726.1/.6Américo, Padre$vBN$zpor$31585594
700 #1 $aMendes,$bManuel,$f1914-1992$3278091
801 #0 $aPT$bBN$gRPC
966 ## $c2$lBN$mFGMON$sR. 18374 V.$x1
966 ## $c2$lBN$mFGMON$sR. 18374 V.$x1
997 ## $aBIBEOD

Etiqueta de registo: 00508cam 2200193 450
001 277236
003 http://id.bnportugal.gov.pt/bib/catbnp/277236
005 20020529130100.0
095 ## $aPTBN00288380
100 ## $a19610301d1959 m y0pora0103 ba
101 0# $apor
102 ## $aPT
200 1# $aDiogo de Macedo$fManuel Mendes
210 #9 $aLisboa$cArtis,$d1959
215 ## $a14 p.$cil.$d32 cm
225 2# $aNova colecção de arte portuguesa$v14
675 ## $a730Macedo, Diogo de$vBN$zpor$31551925
675 ## $a730(=1:469)"19"$vBN$zpor$31551927
700 #1 $aMendes,$bManuel,$f1914-1992$3278091
801 #0 $aPT$bBN$gRPC
966 ## $lBN$mRESIMP$sRES. 1597 A.
997 ## $aBIBEOD

Etiqueta de registo: 00534cas 2200217 450
001 175125
003 http://id.bnportugal.gov.pt/bib/catbnp/175125
005 20020529130200.0
095 ## $aPTBN00182158
100 ## $a19580501a19589999m y0pora0103 ba
101 0# $apor
102 ## $aPT
106 ## $ae
110 ## $acyyzz 0xx0
200 1# $aAvé Maria$fdir. Manuel Mendes
207 #0 $aA. 1, nº 1 (30 Mar. 1958)-
210 #9 $aVila Real$c[s.n.],$d1958-
215 ## $d35 cm
606 ## $aReligiões$2SIPOR$311001
620 ## $dVila Real
702 #1 $aMendes,$bManuel,$f1914-1992$4300$3278091
801 #0 $aPT$bBN$gRPC
966 ## $lBN$mFGJOR$sJ. 517 P.

Etiqueta de registo: 00696cam 2200253 450
001 952318
003 http://id.bnportugal.gov.pt/bib/catbnp/952318
005 19990617000000.0
021 ## $aPT$b116889/97
095 ## $aPTBN00966747
100 ## $a19980325d1997 em y0pory0103 ba
101 0# $apor
102 ## $aPT
105 ## $aa z 001yy
106 ## $ar
200 1# $aFlorinha de Abrigada$emensagem à juventude$fP e. Manuel Mendes
205 ## $a3ª ed
210 #9 $aAdrigada$cInst. da Sãozinha,$d1997
215 ## $a109, [3] p.$cil.$d19 cm
675 ## $a243$vBN$zpor$3289981
700 #1 $aMendes,$bManuel,$f1914-1992$3278091
801 #0 $aPT$bBN$gRPC
966 ## $c2$lBN$mFGMON$sR. 39850 P.$x1
966 ## $c2$lBN$mFGMON$sR. 39850 P.$x1

Etiqueta de registo: 00537cam 02200205 04500
001 25461
003 http://id.bnportugal.gov.pt/bib/catbnp/25461
005 20020529130200.0
095 ## $aPTBN00026095
100 ## $a19840701d1984 m y0pora0103 ba
101 0# $apor
102 ## $aPT
200 1# $aMissa nova$fP. Manuel Mendes
210 #9 $aOvar$c[s.n.],$d1984$ePorto :$gMetanóia)
215 ## $a[4] p.$d23 cm
675 ## $a254$vmed$zpor$3295348
675 ## $a262.1 Mendes, M.$vmed$zpor$3295351
700 #1 $aMendes,$bManuel,$f1914-1992$3278091
801 #0 $aPT$bBN$gRPC
966 ## $lBN$mFGMON$sR. 15450 V.
997 ## $aBIBEOD
998 ## $aFSE69 - 00157

OpendataBNP@bnportugal.pt | Mais informação sobre acesso aos dados BNP